| 000 | 01471nam2a2200265 4500 | ||
|---|---|---|---|
| 001 | rc\4368983 | ||
| 005 | 20260610114247.0 | ||
| 035 | _a(NLR Aleph) 008285554 | ||
| 090 |
_a8543666 _c8543666 |
||
| 100 | _a20130416d1962 km|y0rusy50 ba | ||
| 101 | 0 | _arus | |
| 102 | _aRU | ||
| 105 | _aab i 000yy | ||
| 200 | 1 |
_aБассейн Каспийского моря (без Кавказа и Средней Азии) _hВып. 9 _iБассейн Каспийского моря между бассейном р. Волга и восточным водоразделом бассейна р. Эмба _f... Управление гидрометеорологической службы Казахской ССР _gпод редакцией А. И. Светличной |
|
| 210 | _d1962 | ||
| 215 |
_a170, [2] с., [2] л. карт _cтабл. |
||
| 461 | 0 |
_1001rc\4369057 _12001#$aГидрологический ежегодник, 1959 г.$e[результаты наблюдений]$fГлавное управление гидрометеорологической службы при Совете Министров СССР$vТ. 4 |
|
| 702 | 1 |
_aСветличная _bА. М. _4340 |
|
| 712 | 0 | 1 |
_aКазССР _bУправление гидрометеорологической службы _3RU\NLR\AUTH\8810071816 _4570 |
| 801 | 0 |
_aRU _bNLR _gpsbo |
|
| 801 | 1 |
_aRU _bELAR _2rusmarc |
|
| 852 |
_aNLR _j61-9/82 |
||
| 942 | _cBOOK | ||
| 980 | _aNB | ||